Southville International School and Colleges
Your cart is empty.
  • Cart
  • Lists
    Public lists Eva Luna New books Lux_list list_1
    Your lists Log in to create your own lists
  • Log in to your account
  • Your cookies
  • Search history
Southville International School and Colleges
  • Advanced search
  • Recent comments
  • Most popular
  • Libraries

Log in to your account

Log in with GOOGLE


If you do not have an external account, but do have a local account, you can still log in:

  1. Home
  2. MARC view: George Washinton :
Normal view MARC view ISBD view

George Washinton : (Record no. 359956)

[ view plain ]
MARC details
000 -LEADER
fixed length control field 00823nam a2200301Ia 4500
008 - FIXED-LENGTH DATA ELEMENTS--GENERAL INFORMATION
fixed length control field 181129s9999 xx 000 0 und d
020 ## - INTERNATIONAL STANDARD BOOK NUMBER
International Standard Book Number 9780439098670
050 ## - LIBRARY OF CONGRESS CALL NUMBER
Item number J128 2000
100 ## - MAIN ENTRY--PERSONAL NAME
Personal name Jackson, Garnet
245 #0 - TITLE STATEMENT
Title George Washinton :
245 #0 - TITLE STATEMENT
Remainder of title our president /
245 #0 - TITLE STATEMENT
Statement of responsibility, etc by Garnet Jackson ; illustrated by Cornelius Van Wright and Ying-Hwa Hu.
260 ## - PUBLICATION, DISTRIBUTION, ETC. (IMPRINT)
Place of publication, distribution, etc New York, NY :
260 ## - PUBLICATION, DISTRIBUTION, ETC. (IMPRINT)
Name of publisher, distributor, etc Scholastic,
260 ## - PUBLICATION, DISTRIBUTION, ETC. (IMPRINT)
Date of publication, distribution, etc 2000
300 ## - PHYSICAL DESCRIPTION
Extent unpaged :
300 ## - PHYSICAL DESCRIPTION
Other physical details color illustrations ;
300 ## - PHYSICAL DESCRIPTION
Dimensions 23cm.
440 ## - SERIES STATEMENT/ADDED ENTRY--TITLE
Title Developing reader level 2.
500 ## - GENERAL NOTE
General note 600L
650 ## - SUBJECT ADDED ENTRY--TOPICAL TERM
Topical term or geographic name as entry element Presidents --
650 ## - SUBJECT ADDED ENTRY--TOPICAL TERM
Topical term or geographic name as entry element Washington, George -- 1732-1799.
650 ## - SUBJECT ADDED ENTRY--TOPICAL TERM
General subdivision United States -- Biography.
700 ## - ADDED ENTRY--PERSONAL NAME
Personal name Series.
700 ## - ADDED ENTRY--PERSONAL NAME
Personal name Title.
700 ## - ADDED ENTRY--PERSONAL NAME
Personal name Wright, Cornelius Van.
700 ## - ADDED ENTRY--PERSONAL NAME
Personal name Ying-Hwa, Hu.
Holdings
Withdrawn status Lost status Damaged status Home library Current library Shelving location Date acquired Total Checkouts Full call number Barcode Date last seen Price effective from Koha item type
      Stonyhurst Southville International School (Malarayat) Stonyhurst Southville International School (Malarayat)   11/29/2018   LEX J128 2000 SSISM5750 11/29/2018 11/29/2018 Lexile

George Washinton :

APA

Jackson G., Series, Title, Wright C. V. & Ying-Hwa H.George Washinton. New York, NY: .

Chicago

Jackson Garnet, Series, Title, Wright Cornelius Van and Ying-Hwa Hu.George Washinton. New York, NY: .

Harvard

Jackson G., Series, Title, Wright C. V. and Ying-Hwa H.George Washinton. New York, NY: .

MLA

Jackson Garnet, Series, Title, Wright Cornelius Van and Ying-Hwa Hu.New York, NY: . .

  • Place hold
  • Print
  • Cite
  • Add to your cart (remove)
  • Save record
    BIBTEX Dublin Core MARCXML MARC (non-Unicode/MARC-8) MARC (Unicode/UTF-8) MARC (Unicode/UTF-8, Standard) MODS (XML) RIS
  • More searches
    Search for this title in:
    Other Libraries (WorldCat) Other Databases (Google Scholar) Online Stores (Bookfinder.com) Open Library (openlibrary.org)

Exporting to Dublin Core...

SOUTHVILLE LIBRARY

Southville International School and Colleges Library

1281 Tropical Ave. Cor. Luxembourg St., BF Homes International, Las Pinas City

Tel. No. 8256374 / 252358 Loc. 117/146

Powered by Koha